000 00652nam a2200241Ia 4500
003 OSt
005 20220928112341.0
006 a|||||r|||| 00| 0
007 ta
008 220927b |||||||| |||| 00| 0 eng d
024 _a54568
037 _cTextual
040 _aSDCL
_cSDCL
_beng
041 _2eng
_aeng
082 _aY:6.1'N7, L7
100 _aZaltman Gerald
_9427622
245 0 _aStrategies for planned change
260 _aNew York
_b John Wiley
_c1977
300 _aix,404p
_ccm.
700 _a Duncan Robert
_9427623
942 _hY:6.1'N7, L7
_cTEXL
_2CC
999 _c744394
_d744394